Should Kenya revert to price controls? / (Record no. 1209)

MARC details
000 -LEADER
fixed length control field 00678nam a22002172 4500
001 - CONTROL NUMBER
control field 0000020785
005 - DATE AND TIME OF LATEST TRANSACTION
control field 20151021151139.0
008 - FIXED-LENGTH DATA ELEMENTS--GENERAL INFORMATION
fixed length control field 111014s xx 000 0 eng d
020 ## - INTERNATIONAL STANDARD BOOK NUMBER
International Standard Book Number 996677761x :
040 ## - CATALOGING SOURCE
Original cataloging agency KABU
Transcribing agency KABU
245 10 - TITLE STATEMENT
Title Should Kenya revert to price controls? /
Statement of responsibility, etc. Jacob Oduor ... [et al.].
250 ## - EDITION STATEMENT
Edition statement 1st ed.
260 ## - PUBLICATION, DISTRIBUTION, ETC. (IMPRINT)
Place of publication, distribution, etc. Nairobi :
Name of publisher, distributor, etc. KIPPRA,
Date of publication, distribution, etc. 2010.
300 ## - PHYSICAL DESCRIPTION
Extent ix, 62 p.
650 #0 - SUBJECT ADDED ENTRY--TOPICAL TERM
Topical term or geographic name as entry element Price regulation
Geographic subdivision Kenya.
-- 0000181343
700 1# - ADDED ENTRY--PERSONAL NAME
Personal name Oduor, Jacob.
-- 0000181344
908 ## - PUT COMMAND PARAMETER (RLIN)
Put command parameter 111014
950 ## - LOCAL HOLDINGS (RLIN)
-- 1
Holdings
Withdrawn status Lost status Source of classification or shelving scheme Not for loan Home library Current library Date acquired Total Checkouts Full call number Barcode Date last seen Price effective from Koha item type Copy number
    Library of Congress Classification   Kabarak, Main Campus Kabarak, Main Campus 21/10/2015   HB236 .K46S56 2010 c. 3 014309 21/10/2015 21/10/2015 General Collection C.3
    Library of Congress Classification   Kabarak, Main Campus Kabarak, Main Campus 17/12/2015   HB236 .K46S56 2010 c. 2 014306 02/08/2024 17/12/2015 General Collection  
    Library of Congress Classification   Kabarak, Main Campus Kabarak, Main Campus 17/12/2015   HB236 .K46S56 2010 c. 1 19492 17/12/2015 17/12/2015 Africana Collection  
    Library of Congress Classification   Kabarak, Nairobi City Campus Kabarak, Nairobi City Campus 21/10/2015   HB236 .K46S56 2010 c. 2 015763 21/10/2015 21/10/2015 General Collection  
    Library of Congress Classification   Kabarak, Nakuru City Campus Kabarak, Nakuru City Campus 21/10/2015   HB236 .K46S56 2010 c. 1 014314 21/10/2015 21/10/2015 General Collection  
    Library of Congress Classification   Kabarak, Nakuru City Campus Kabarak, Nakuru City Campus 21/10/2015   HB236 .K46S56 2010 c. 2 015800 21/10/2015 21/10/2015 General Collection  
Designed with assistance from East African Informatics Ltd